| 000 | 00386nam a2200169Ia 4500 | ||
|---|---|---|---|
| 008 | 210210b1942 xxu||||| |||| 00| 0 eng d | ||
| 041 | _aeng | ||
| 082 | _a825/129 | ||
| 100 | _aCLEANTH | ||
| 245 | _aWell wrought urn | ||
| 260 |
_aCarolina _bDennis Dobson Limited _c1942 |
||
| 650 | _awrought | ||
| 650 | _aWell | ||
| 650 | _aurn | ||
| 690 | _aEnglish Criticism | ||
| 906 | _a014447 | ||
| 999 |
_c133630 _d133630 |
||